000 00597nam a22001697a 4500
003 OSt
005 20171010095509.0
008 120813t xxu||||| |||| 00| 0 eng d
040 _aMMSU
_cULS
100 _aAgpaoa, Leonardo B.
_912026
245 _aCorrelates of implementation of the merit and fitness program in the Division of Laoag City
_cLeonardo B. Agpaoa
260 _c1999
300 _axiv, 106 leaves
_c28 cm.
500 _aThesis (MA Public Administration) -- Mariano Marcos State University-Graduate School, Laoag City
504 _aBibliography: leaves 73-74
942 _2ddc
_cTHEDIS
999 _c9705
_d9705